00637nam a2200181Ia 4500003000900000008004100009040001600050080001700066100002700083245013600110260004500246300001000291650001500301700002100316942000700337999001700344952009400361IN-BaIIA211028s9999 xx 000 0 eng d cIIA Library a523.947bBUR aBurkepile, J. T935768 2aA Revised and expanded catalogue of mass ejections observed by the solar maximum mission coronographcJ. T. Burkepile and O. C. Cyr aBoulderbHigh Altitude Observatoryc1993 a233p. aSolar9910 aCyr, O. C935769 cBK c18685d18685 00104070aBANbKODcGENd2013-05-07l0o523.947/ BURp19607r2021-11-05w2013-05-07yBK